Amtrak City of New Orleans Stations Quiz Stats

 Plays Quiz not verified by Sporcle

Score 0/22 Timer 08:00
0 Plays Today
State Town % Correct
IllinoisChicago
99.1%
TennesseeMemphis
91.9%
LouisianaNew Orleans
91%
MississippiJackson
86.5%
IllinoisKankakee
65.8%
IllinoisCarbondale
56.8%
IllinoisChampaign-Urbana
52.3%
IllinoisEffingham
47.7%
IllinoisMattoon
45%
IllinoisHomewood
44.1%
KentuckyFulton
41.4%
State Town % Correct
IllinoisRantoul
40.5%
LouisianaHammond
40.5%
IllinoisGilman
37.8%
IllinoisCentralia
37.8%
MississippiYazoo City
37.8%
MississippiMcComb
36%
MississippiGreenwood
34.2%
MississippiBrookhaven
33.3%
IllinoisDu Quoin
31.5%
MississippiHazlehurst
31.5%
TennesseeNewbern-Dyersburg
30.6%

You're not logged in!

Compare scores with friends on all Sporcle quizzes.
OR
Log In

Show Comments

Extras

Top Quizzes Today


Score Distribution

Your Account Isn't Verified!

In order to create a playlist on Sporcle, you need to verify the email address you used during registration. Go to your Sporcle Settings to finish the process.

Report this User

Report this user for behavior that violates our Community Guidelines.

Details: